Dialogovyje sistemy prinjatija rešenij na baze MINI-EVM Informacionnoje, matematičeskoje i programnoje obespečenije

Salvato in:
Dettagli Bibliografici
Autore principale: Borisov, Arkadij Nikolajevič
Altri autori: Viljums, Evald Rojchol'dovič, Sukur, Ljudmila Janovna
Natura: Libro
Lingua:russo
Pubblicazione: Riga Zinatne 1986
Edizione:1. izd.
Tags: Aggiungi Tag
Nessun Tag, puoi essere il primo ad aggiungerne!!

MARC

LEADER 00000nam a2200000 4500
001 c029170
005 20221220073706.5
041 0 |a rus 
044 |a LV 
245 1 0 |a Dialogovyje sistemy prinjatija rešenij na baze MINI-EVM  |b Informacionnoje, matematičeskoje i programnoje obespečenije  |c Arkadij Nikolajevič Borisov, Evald Rojchol'dovič Viljums, Ljudmila Janovna Sukur 
250 |a 1. izd. 
264 1 |a Riga  |b Zinatne  |c 1986 
300 |a 195 s. 
100 1 |a Borisov, Arkadij Nikolajevič 
700 1 |a Viljums, Evald Rojchol'dovič 
700 1 |a Sukur, Ljudmila Janovna